书目信息 |
| 题名: |
法理学
|
|
| 作者: | 赵肖筠 , 史凤林 主编 | |
| 分册: | ||
| 出版信息: | 北京 法律出版社 2012 |
|
| 页数: | 336页 | |
| 开本: | 23cm | |
| 丛书名: | ||
| 单 册: | ||
| 中图分类: | D903 | |
| 科图分类: | ||
| 主题词: | 法理学--高等学校--教材 , 法理学 | |
| 电子资源: | ||
| ISBN: | 978-7-5118-3674-8 | |
| 000 | 00931nam0 2200301 450 | |
| 001 | 523 | |
| 005 | 20140905102240.09 | |
| 010 | @a978-7-5118-3674-8@dCNY34.00 | |
| 100 | @a20121010d2012 em y0chiy50 ea | |
| 101 | 0 | @achi |
| 102 | @aCN@b110000 | |
| 105 | @ay z 000yy | |
| 106 | @ar | |
| 200 | 1 | @a法理学@f赵肖筠,史凤林主编 |
| 205 | @a2版 | |
| 210 | @a北京@c法律出版社@d2012 | |
| 215 | @a336页@d23cm | |
| 300 | @a21世纪高等院校法学专业核心课程教材 山西大学教材出版基金资助 | |
| 312 | @a封面英文题名:Jurisprudence | |
| 330 | @a本书介绍了法的概念、法的要素、法的作用、法的起源和发展、法的渊源与体系、法的制定、法的实施、法律关系、法律责任、法的价值、法学方法论等内容。 | |
| 510 | 1 | @aJurisprudence@zeng |
| 606 | 0 | @a法理学@x高等学校@j教材 |
| 606 | 0 | @a法理学 |
| 690 | @aD903@v5 | |
| 701 | 0 | @a赵肖筠@4主编 |
| 701 | 0 | @a史凤林@4主编 |
| 801 | 0 | @aCN@bTANGWEI@c20140603 |
| 905 | @b0842882-84@dD903@e510=2@f3 | |
| 法理学/赵肖筠,史凤林主编.-2版.-北京:法律出版社,2012 |
| 336页;23cm |
| 21世纪高等院校法学专业核心课程教材 山西大学教材出版基金资助 |
| ISBN 978-7-5118-3674-8:CNY34.00 |
| 本书介绍了法的概念、法的要素、法的作用、法的起源和发展、法的渊源与体系、法的制定、法的实施、法律关系、法律责任、法的价值、法学方法论等内容。 |
| ● |
| 相关链接 |
|
|
|
|
正题名:法理学
索取号:D903/510=2
 
预约/预借
| 序号 | 登录号 | 条形码 | 馆藏地/架位号 | 状态 | 备注 |
| 1 | 0842882 | 208428824 | 第一样本阅览室/ [索取号:D903/510=2] | 在馆 | |
| 2 | 0842883 | 208428833 | 第一借阅区/ [索取号:D903/510=2] | 在馆 | |
| 3 | 0842884 | 208428842 | 密集书库-史法系/ [索取号:D903/510=2] | 在馆 |